Prechodné pravidlá hry Rozdelené financie

Bibliographic Details
Main Author: (wa) (Author)
Format: Article
Language:Slovak
Subjects:

MARC

LEADER 00000nab a2200000 a 4500
001 vtls000389758
003 SK-MaSNL
005 20260302232521.0
008 111202c1990 xo 0 slo
015 |a SNBRB19rr/mm-uuuuu 
035 |a CL0389882 
040 |a SNKBUCL  |b slo  |c SNKBUCL  |e AACR2 
041 0 |a slo 
044 |a xo  |c SK 
080 |a 328.1 (437.1/.2)  |2 1981 
100 1 |a (wa)  |4 aut  |9 711668 
245 1 0 |a Prechodné pravidlá hry  |b Rozdelené financie  |c (wa) 
650 0 7 |a vláda Českej republiky  |2 snkbucl  |9 893976 
651 7 |a 3100  |2 snkbucl  |9 920766 
655 7 |a články z novín a časopisov  |2 snkbucl  |9 267496 
773 0 |t Národná obroda  |g Roč. 1, č. 86 (23. 8. 1990), s. 2 
850 |a Slovenská národná knižnica v Martine  |a MTA001 
852 |a SNK  |b KIS3GCP 
958 |a RK 
992 |a RBX 
999 |c 1543349  |d 1545279